000 00277nam a2200121Ia 4500
008 191201s2007 xx 000 0 und d
100 _aBeri
245 0 _aBusiness Statistics
260 _aN.Delhi
_bTata mc Graw Hill
_c2007
300 _a-
650 _aMBA
942 _2ddc
_cBK
_05
999 _c2972
_d2972